| 000 | 00599nam a22001697a 4500 | ||
|---|---|---|---|
| 003 | OSt | ||
| 008 | 260606b |||||||| |||| 00| 0 eng d | ||
| 020 | _a9789366260389 | ||
| 082 |
_a631.584 _bS49T |
||
| 245 |
_aextbook of Modern Organic Farming :With Emphasis on Natural Farming/ _bby K. S. Vijai Selvaraj...[et al.] |
||
| 260 |
_aNew Delhi: _bInternational Books & Periodicals Supply Service _c2025. |
||
| 300 | _aviii, 421 p. | ||
| 650 | _aAgriculture and related technologies | ||
| 650 | _aOrganic farming / Organic & Natural Agriculture | ||
| 700 | _aSelvaraj, K. S. Vijai | ||
| 942 |
_2ddc _cBK |
||
| 999 |
_c51649 _d51649 |
||